| 000 | 01436nam a22003615 4500 | ||
|---|---|---|---|
| 001 | 143672 | ||
| 003 | SpMaBN | ||
| 005 | 20251003200309.0 | ||
| 008 | 951004s1982 sp | ||| ||spa | ||
| 016 | 7 |
_abimoBNE19950280628 _2SpMaBN |
|
| 017 |
_aZ 888-1982 _bOficina Depósito Legal Zaragoza |
||
| 020 | _a8400051580 | ||
| 035 | _a(OCoLC)431220024 | ||
| 040 |
_aSpMaBN _bspa _cSpMaBN _erdc _dES-MaACL |
||
| 080 | _a860-14"15" | ||
| 100 | 0 |
_aSerón, Antonio _0XX1118926 _9105594 |
|
| 245 | 1 | 0 |
_aObras completas del laureado poeta latino aragonés del siglo XVI Antonio Serón, bilbilitano / _cedición crítica, bilingüe y anotada por José Guillén |
| 260 |
_aZaragoza : _bInstitución "Fernando el Católico", _c1982 |
||
| 300 |
_a2 v. ; _c25 cm |
||
| 490 | 1 | _aPublicación núm. 864 de la Institución "Fernando el Católico" | |
| 505 | 0 | _a1. Elegías y silvas 2. Poesías sueltas y Aragonia | |
| 546 | _aTexto en latín y traducción al español | ||
| 600 | 0 | 4 |
_9105594 _aSerón, Antonio |
| 650 | 4 |
_aPoesías españolas- _yS.XVI-XVII _916219 |
|
| 655 | 7 |
_aPoesías _2tgfbne _9176539 |
|
| 700 | 1 |
_aGuillén, José, _d1913- _960769 |
|
| 830 | 0 |
_aPublicación ... de la Institución Fernando el Católico _vn. 864, 892 _9233871 |
|
| 852 |
_aES-MaACL _bR.104784 _jL-3804-5 _9148860 _cDEPO2 |
||
| 942 |
_2udc _cMONOGRAFIA |
||
| 999 |
_c143672 _d143672 |
||